| 000 | 00633nam a2200241#a 4500 | ||
|---|---|---|---|
| 001 | 00980 | ||
| 003 | HDC | ||
| 007 | ta | ||
| 008 | 230623s2005 xx 000 0 eng d | ||
| 020 | _a9780113309733 (pbk.). | ||
| 040 | _aHDC | ||
| 050 |
_aHC 79 _b.I58 2005 |
||
| 245 | 0 | _aIntroduction to ITIL. | |
| 264 |
_aLondon : _bTSO, _c2005. |
||
| 300 |
_a x,242p. : _b ill., ; _c 24cm. |
||
| 500 | _aIncludes bibliographical references. | ||
| 650 |
_aInformation technology _xManagement. |
||
| 650 |
_aInformation technology _xQuality control _xStandards. |
||
| 942 | _2lcc | ||
| 942 | _cBK | ||
| 942 | _kHC 79 | ||
| 942 | _m.I58 2005 | ||
| 999 |
_c22570 _d22570 |
||